[Event "DEM U10/U10w 2013"]
[Site "Oberhof GER"]
[Date "2013.05.24"]
[Round "10"]
[White "Zell, Hannah"]
[Black "Svane, Freja"]
[Result "0-1"]
[Termination "normal"]
[Board "47"]
[WhiteElo "723"]
[BlackElo "867"]
[PlyCount "66"]
[WhiteFideId "16208900"]
[BlackFideId "12940100"]
[EventCountry "GER"]
[EventRounds "11"]
[EventType "swiss"]
[EventDate "2013.05.18"]

1. e4 e6 2. d4 d5 3. Nd2 Nf6 4. e5 Nfd7 5. Bd3 c5 6. Ngf3 Be7 7. O-O O-O 8. Nb3
c4 9. Bxh7+ Kxh7 10. Nbd2 Kg8 11. Re1 f6 12. Nf1 Nc6 13. Ng3 Qc7 14. c3 fxe5
15. Ng5 Bxg5 16. Bxg5 Qb6 17. Rb1 exd4 18. cxd4 Nxd4 19. Qh5 Nc2 20. Rec1 Qxf2+
21. Kh1 Ne3 22. Qh3 Rf7 23. b3 b6 24. b4 Bb7 25. Rg1 d4 26. Nf1 Nxf1 27. Rbxf1
Qxf1 28. a4 Ne5 29. b5 Nd3 30. Bh4 Nf2+ 31. Bxf2 Rxf2 32. a5 Rxg2 33. Qxg2
Bxg2# 0-1